000 nam a22 a 4500
999 _c3642
_d3642
005 20170529121727.0
008 170523s2006 be ||||| |||| 00| 0 eng d
020 1 0 _a9782874920363
040 _aAKMAL
082 _a005.754 WCO
090 _a005.754
_bWCO
245 1 0 _aWorld Customs Data Model Handbook - Version 2.0 :
250 _a1st Edition.
260 _aBrussels, Belgium
_bWorld Customs Organization,
_cc2006.
300 _a3 v. :
_bill. ;
_c30cm
500 _a"Effective 1 June 2006."
500 _aRev. ed. of: WCO customs data model - version 1.1. handbook.
505 _av. 1. Introduction, data sets and modelling v. 2. Message implementation guidelines, goods declaration v. 3. Message implementation guidelines, cargo and conveyance report and codes.
610 2 0 _aWorld Customs Organization
_xData processing.
_98541
650 1 0 _aCustoms and trade enviroment
_xBusiness process and information
_xGuidelines
_97208
710 2 _aWorld Customs Organization
_95917
942 _2ddc
_cBOOK
950 _lAKMAL